000 00739nam a2200253Ia 4500
003 OSt
005 20220925212601.0
006 a|||||r|||| 00| 0
007 ta
008 220923b |||||||| |||| 00| 0 eng d
020 _a0435002121
037 _cGeneral Book
040 _aRTL
_cRTL
_beng
041 _2eng
_aeng
082 _aX79C.3.N7, L0
100 _aHepworth N P
_9277032
245 0 _aFinance of local government
260 _aLondon
_bAllen and Unwin
_c1970
300 _a341p
_ccm.
490 _aNew Town and Country Hall Series. Ed by Peter G Richard.6
500 _aBibliography: P 327-29; Appendix: P 324-26
942 _hX79C.3.N7, L0
_cGB
_2CC
999 _c560709
_d560709